Border Crossings #2 - Statistics

General Stats
  • This quiz has been taken 7 times
  • The average score is 5 of 20
Answer Stats
City 1 Border City 2 % Correct
12) Vatican City City border Rome
86%
2) Juarez, MX Rio Grande River El Paso
57%
1) Copenhagen, DE Oresund Bridge Malmo
57%
6) Tijuana, MX Mex-US San Diego
57%
3) Kinshasa, DRC Congo River Brazzaville
43%
5) Marin Co, CA Golden Gate Bridge San Francisco
43%
4) Detroit, MI Ambassador Bridge Windsor
43%
8) Matamoros, MX Rio Grande Brownsville
14%
20) Fort Erie, Canada US-Canada Buffalo
14%
10) Como, Italy Italy-Swtz Chiasso
14%
11) Slubice, Poland Oder River Frankfurt
14%
16) Calexico, CA US-Mexico Mexicali
14%
19) Kehl, Germany Rhine River Strasbourg
14%
17) Laughlin, NV Colorado River Bullhead City
0%
9) Kreuzlingen, Swtz Lake Constane Konzstanz
0%
15) Edmundston, NB Canada-US Madawaska
0%
14) Fargo, ND Red River Moorhead
0%
18) Greenwich, CT NY-CT Line Port Chester
0%
7) McAllen, TX Rio Grande Reynosa
0%
13) Blaine, WA Canada-US Surrey
0%
No matching quizzes found
Score Distribution
Percent of People with Each Score
Percentile by Number Answered
Your Score History
You have not taken this quiz